| 000 | 00588cam a22002051 4500 | ||
|---|---|---|---|
| 001 | af 47001775 | ||
| 003 | DLC | ||
| 005 | 20260227110810.0 | ||
| 008 | 810320s1945 fr 000 1 fre c | ||
| 010 | _aaf 47001775 | ||
| 035 | _a(OCoLC)7242798 | ||
| 040 |
_aChicago. Univ. Library _cOCoLC _dDLC |
||
| 042 | _apremarc | ||
| 050 | 0 | 0 |
_aPQ2613.I78 _bC7 |
| 100 | 2 | _aGirodet-Eymard, J. | |
| 245 | 1 | 0 |
_aCroix-du-buisson, _brécit ... |
| 260 |
_a[Paris] _bÉditions du Pavois _c[1945] |
||
| 300 |
_a4 p. l., [11]-365 p., 1 l. _c19 cm. |
||
| 500 | _aAt head of title: ... Un nouvel état civil. | ||
| 999 |
_c1395 _d1395 |
||